Normal view MARC view

Entry Personal Name

Number of records used in: 1

001 - CONTROL NUMBER

  • control field: 9894

003 - CONTROL NUMBER IDENTIFIER

  • control field: DLC

005 - DATE AND TIME OF LATEST TRANSACTION

  • control field: 20231110135732.0

008 - FIXED-LENGTH DATA ELEMENTS

  • fixed length control field: 000425n| azannaabn |a aaa

010 ## - LIBRARY OF CONGRESS CONTROL NUMBER

  • LC control number: n 00047026

035 ## - SYSTEM CONTROL NUMBER

  • System control number: (OCoLC)oca05205866

040 ## - CATALOGING SOURCE

  • Original cataloging agency: DLC
  • Language of cataloging: eng
  • Transcribing agency: DLC
  • Modifying agency: NNC
  • Description conventions: rda
  • Modifying agency: DLC

100 1# - HEADING--PERSONAL NAME

  • Personal name: Abdelkader, Dina

400 1# - SEE FROM TRACING--PERSONAL NAME

  • Personal name: Abdelkader, Deina

670 ## - SOURCE DATA FOUND

  • Source citation: Abdelkader, Dina. Social justice in Islam, 2000:
  • Information found: CIP t.p. (Dina Abdelkader)

670 ## - SOURCE DATA FOUND

  • Source citation: Social justice in Islam, 2003:
  • Information found: t.p. (Deina Abdelkader) p. ix (Dina Abdelkader)

670 ## - SOURCE DATA FOUND

  • Source citation: Tufts University Women's Studies Web site, viewed June 12, 2006
  • Information found: (Deina Abdelkader; lecturer in history)

Powered by Koha